00329pam a2200121 i 4500020001500000082001400015100001800029245006300047260003100110300002900141650001400170700002300184 a047161192100a515.1 MIZ1 aMizrahi, Abe.10aCalculus with applications to business and life sciences / aNew York :bWiley,cc1976. axiii, 410, 4 p. :bill ; 0aCalculus.1 aSullivan, Michael,